000 nam a22 7a 4500
999 _c7826
_d7826
008 171025b xxu||||| |||| 00| 0 eng d
100 _aTrivedi P C
_94300
245 _aMedicinal Plants
_bUtilisation and Conservation
260 _aJaipur
_bAacishkar Publishers
_c2004